coupe des vainqueurs de coupe de football - Statistiques

Statistiques générales
  • Ce quiz a été pris 37 fois
  • Le résultat moyen est 9 sur 39
Statistiques - réponses
hint Réponse % Correct
1997 barcelone
80%
1991 manchester united
63%
1971 chelsea
57%
1998 chelsea
57%
1984 juventus
57%
1967 bayern munich
54%
1962 atletico madrid
43%
1970 manchester city
43%
1968 ac milan
40%
1973 ac milan
40%
1987 ajax amsterdam
40%
1999 lazio rome
37%
1966 borussia dortmund
29%
1980 valence
29%
1976 anderlecht
26%
1978 anderlecht
26%
1996 paris sg
23%
1992 werder breme
20%
1975 dynamo kiev
17%
1986 dynamo kiev
17%
1985 everton
14%
1972 glasgow rangers
11%
1964 sporting portugal
11%
1994 arsenal fc
9%
1981 dinamo tbilissi
9%
1977 hambourg sv
6%
1995 real saragosse
6%
1990 sampdoria genes
6%
1965 west ham united
6%
1983 aberdeen fc
3%
1961 ac fiorentina
3%
1979 barcelone fc
3%
1982 barcelone fc
3%
1989 barcelone fc
3%
1988 malines fc
3%
1993 parme fc
3%
1969 slovan bratislava
3%
1963 tottenham hotspur
3%
1973 magdebourg fc
0%
Aucun quiz correspondant
Distribution des résultats
% des personnes avec chaque résultat
Percentile par nombre de réponses
Votre historique - résultats
Vous n’avez pas pris ce quiz